Food and beverage service and operations (Record no. 20414)

MARC details
000 -LEADER
fixed length control field 00464nam a22001697a 4500
003 - CONTROL NUMBER IDENTIFIER
control field OSt
005 - DATE AND TIME OF LATEST TRANSACTION
control field 20211126150548.0
008 - FIXED-LENGTH DATA ELEMENTS--GENERAL INFORMATION
fixed length control field 211126b |||||||| |||| 00| 0 eng d
020 ## - INTERNATIONAL STANDARD BOOK NUMBER
International Standard Book Number 978-81-261-5996-3
040 ## - CATALOGING SOURCE
Transcribing agency Hawassa University
050 ## - LIBRARY OF CONGRESS CALL NUMBER
Classification number 647.476/KUM
Item number 3
082 ## - DEWEY DECIMAL CLASSIFICATION NUMBER
Classification number 647.476/KUM
Item number 3
100 ## - MAIN ENTRY--PERSONAL NAME
Personal name Kumar Sanjeev
9 (RLIN) 20811
245 ## - TITLE STATEMENT
Title Food and beverage service and operations
260 ## - PUBLICATION, DISTRIBUTION, ETC.
Place of publication, distribution, etc. New Delhi
Name of publisher, distributor, etc. Anmol Publications
Date of publication, distribution, etc. 2014
942 ## - ADDED ENTRY ELEMENTS (KOHA)
Source of classification or shelving scheme Dewey Decimal Classification
Koha item type Books like text book referance book
Suppress in OPAC No
Holdings
Withdrawn status Lost status Source of classification or shelving scheme Damaged status Not for loan Home library Current library Date acquired Full call number Barcode Date last seen Copy number Price effective from Koha item type Total Checkouts
    Dewey Decimal Classification     College of Agriculture Library College of Agriculture Library 11/26/2021 647.476/KUM ALIB0012531 11/26/2021 3 11/26/2021 Books like text book referance book  
    Dewey Decimal Classification     College of Agriculture Library College of Agriculture Library 11/26/2021 647.476/KUM ALIB00012532 11/26/2021 4 11/26/2021 Books like text book referance book  
    Dewey Decimal Classification     College of Agriculture Library College of Agriculture Library 11/26/2021 647.476/KUM ALIB00012533 11/26/2021 5 11/26/2021 Books like text book referance book  
    Dewey Decimal Classification     College of Agriculture Library College of Agriculture Library 11/30/2021 647.476/KUM ALIB0012529 11/30/2021 1 11/30/2021 Books like text book referance book  
    Dewey Decimal Classification     College of Agriculture Library College of Agriculture Library 11/30/2021 647.476/KUM ALIB0012530 11/30/2021 2 11/30/2021 Books like text book referance book